Electronic sensing devices /
Guardado en:
| Autor Principal: | |
|---|---|
| Formato: | Libro |
| Idioma: | English |
| Publicado: |
London :
Newnes,
1966.
|
| Etiquetas: |
Agregar Etiqueta
Sin Etiquetas, Sea el primero en etiquetar este registro!
|
| LEADER | 00441nam a22001335a 4500 | ||
|---|---|---|---|
| 001 | EEA.libagro000236 | ||
| 008 | 130809s1966####enka##########000#0#eng#d | ||
| 005 | 20210819110131.0 | ||
| 245 | 1 | 0 | |a Electronic sensing devices / |c by A. F. Giles; with a foreword by H. A. Thomas. |
| 260 | |a London : |b Newnes, |c 1966. | ||
| 300 | |a x, 158 p. : |b il. ; |c 23 cm. | ||
| 100 | 1 | |a Giles, A. F. | |
| 082 | 0 | 4 | |a 621.38132 |
| 859 | |a AR-BbBCA |b BIB. AGRONOMIA |h 621.38132 |i G472 |p 1967/0323 | ||
